Política e educacao no Brasil / (Record no. 70383)

MARC details
000 -LEADER
campo de control de longitud fija 00657cam a2200229 4500
001 - NÚMERO DE CONTROL
campo de control 22711
005 - FECHA Y HORA DE LA ÚLTIMA TRANSACCIÓN
campo de control 20230410124053.0
008 - DATOS DE LONGITUD FIJA--INFORMACIÓN GENERAL
campo de control de longitud fija 060907s2002 bl por
020 ## - NÚMERO INTERNACIONAL ESTÁNDAR DEL LIBRO
Número Internacional Estándar del Libro 8585701250
035 ## - NÚMERO DE CONTROL DEL SISTEMA
-- funglode22875
041 ## - CÓDIGO DE IDIOMA
Código de lengua del texto/banda sonora o título independiente por
050 14 - SIGNATURA TOPOGRÁFICA DE LA BIBLIOTECA DEL CONGRESO
Número de clasificación LC 92
Número de ítem S267p 2002
100 1# - ENTRADA PRINCIPAL--NOMBRE DE PERSONA
Nombre de persona Saviani, Dermeval
245 10 - MENCIÓN DEL TÍTULO
Título Política e educacao no Brasil /
Mención de responsabilidad, etc. Dermeval Saviani
250 ## - MENCION DE EDICION
Mención de edición 5a ed.
260 ## - PUBLICACIÓN, DISTRIBUCIÓN, ETC.
Lugar de publicación, distribución, etc. Campinas, SP :
Nombre del editor, distribuidor, etc. Autores Associados,
Fecha de publicación, distribución, etc. 2002
300 ## - DESCRIPCIÓN FÍSICA
Extensión xix, 160 p. ;
Dimensiones 28 cm.
650 #0 - PUNTO DE ACCESO ADICIONAL DE MATERIA--TÉRMINO DE MATERIA
Término de materia o nombre geográfico como elemento de entrada Education and state
Subdivisión geográfica Brazil.
650 #0 - PUNTO DE ACCESO ADICIONAL DE MATERIA--TÉRMINO DE MATERIA
Término de materia o nombre geográfico como elemento de entrada Educational law and legislation
Subdivisión geográfica Brazil.
650 #4 - PUNTO DE ACCESO ADICIONAL DE MATERIA--TÉRMINO DE MATERIA
Término de materia o nombre geográfico como elemento de entrada Educación y Estado
Subdivisión geográfica Brasil.
942 ## - ELEMENTOS DE ENTRADA SECUNDARIOS (KOHA)
Fuente del sistema de clasificación o colocación Clasificación de Library of Congress
Tipo de ítem Koha
Holdings
Estatus retirado Estado de pérdida Fuente del sistema de clasificación o colocación Estado de daño No para préstamo Colección Biblioteca de origen Biblioteca actual Ubicación en estantería Fecha de adquisición Serial enumeration / chronology Signatura topográfica completa Código de barras Visto por última vez Copia número Tipo de ítem Koha
    Clasificación de Library of Congress     Humanidades Biblioteca Juan Bosch Biblioteca Juan Bosch Humanidades (4to. Piso) 25/10/2018 1 LC 92 S267p 2002 00000022482 25/10/2018 1